| 000 | 01041nam a22002897a 4500 | ||
|---|---|---|---|
| 001 | BR8805737 | ||
| 003 | BR-BrBNA | ||
| 005 | 20230928093028.0 | ||
| 007 | ta | ||
| 008 | 230509b bl.||||| |||| 00| 0 por d | ||
| 040 |
_aBR-BrBNA _bpor _cBiblioteca Nacional de Agricultura |
||
| 041 | _a(Por) | ||
| 072 |
_aL02 _b5214 |
||
| 090 | _ 5214 BR8805737 | ||
| 100 | 1 | _aZanetti, M.A. | |
| 110 | 1 |
_aUniversidade de Sao Paulo, Sao Paulo (Brasil). Faculdade de Medicina Veterinaria e Zootecnia _0Tese (Livre-Docente) |
|
| 245 | 1 | _aInfluencia da suplementacao de colostro no balde do 2. ao 5. dia de vida sobre o nivel serico de imunoglobulina de bezerros | |
| 246 | 1 | _a[Influence of colostrum supplementation in calves feeding over serum immunoglobulin levels] | |
| 260 | 3 |
_aSao Paulo, SP (Brasil): _c1987. |
|
| 300 | _a64 p. | ||
| 500 | _aSummaries (Eng, Por); Bibliography p. 55-64 (90 ref.); 13 graphs | ||
| 650 | _aBEZERRO | ||
| 650 | _aCOLOSTRO | ||
| 650 | _aIMUNOGLOBULINA | ||
| 909 |
_a202309 _bLucia _c55 _dLucia Elande |
||
| 942 | _cBK | ||
| 999 |
_c42592 _d42592 |
||